| 000 | 00598nam a22001937a 4500 | ||
|---|---|---|---|
| 005 | 20251108175008.0 | ||
| 008 | 250721s2002 xx 000 0 ara d | ||
| 082 | 1 | 4 | _aط/ق/عيش |
| 100 | 1 |
_aعيشان، عبدالله _eمؤلف |
|
| 245 | 1 | 0 | _aالخروف فوفو و الثعلب / |
| 264 | 1 |
_aحيفا : _bمكتبة كل شىء، _c2002. |
|
| 300 | _a30ص. | ||
| 490 | 0 | _aبراعم الزيتون | |
| 650 | 1 | 7 | _aأدب الاطفال |
| 653 | _aمرحلة أطفال متوسطة (6-9) سنوات | ||
| 700 | 1 | _aالماجدي، سوسن | |
| 942 |
_2ddc _cBK |
||
| 999 |
_c123458 _d123458 |
||